| 000 | 01084cam a22003258i 4500 | ||
|---|---|---|---|
| 999 |
_c13064 _d13064 |
||
| 001 | 20228054 | ||
| 003 | MAJU-Karachi | ||
| 005 | 20210520095443.0 | ||
| 008 | 171221s2018 nju b 001 0 eng | ||
| 010 | _a 2017060357 | ||
| 020 | _a9780134571737 (paperback : student edition) | ||
| 020 | _a0205970745 (paperback : student edition) | ||
| 020 | _a9780205971060 | ||
| 020 | _a0205971067 | ||
| 040 |
_aDLC _beng _erda _cDLC |
||
| 042 | _apcc | ||
| 050 | 0 | 0 |
_aRC465 _b.O47 2018 |
| 082 | 0 | 0 |
_a616.89 _223 |
| 100 | 1 |
_aOltmanns, Thomas F., _eauthor. |
|
| 245 | 1 | 0 |
_aAbnomal psychology / _cThomas F. Oltmanns, Washington University in St. Louis, Robert E. Emery, University of Virginia. |
| 250 | _aNinth edition. | ||
| 263 | _a1802 | ||
| 300 | _apages cm | ||
| 504 | _aIncludes bibliographical references and index. | ||
| 650 | 0 |
_aPsychology, Pathological _vCase studies. |
|
| 650 | 0 |
_aPsychiatry _vCase studies. |
|
| 906 |
_a7 _bcbc _corignew _d1 _eecip _f20 _gy-gencatlg |
||
| 942 |
_2ddc _cPSYCHOLOGY |
||